000 00753cas a22002295a 4500
001 L137962
008 070510d19922001xxkbr p 0 a0eng u
022 1 _a0927-7900
035 _a(Sirsi) u137962
041 0 _aeng
240 1 _aSurveying World
245 0 0 _aSW
_bJournal for Land Survey, Hydrographic Survey and Land Information Management
260 _aLemmer
_bGITC
_c1992-2001
362 0 _aLondon: 1(1) November 1992-9(5) July/August 2001
362 0 _aEdinburgh: 1(1) November 1992-9(5) July/August 2001
520 _aSponsored by the Royal Institution of Chartered Surveyors
554 _a6 per year
651 4 _aInternational
690 _aENVIRONMENTAL AND LAND CONSULTANCY
785 0 0 _tGeomatics World
_x0927-7900
942 _n0
999 _c118923
_d118923